000 00679nam a2200265Ia 4500
005 20260121170749.0
008 008 260114s9999 xx 000 0 eng d
020 _a9789402415636
037 _aEBOOK
040 _aCRL
040 _beng
040 _cCRL
041 _2eng
041 _aeng
084 _qCRL
100 _aChantal Le Mouël, Bertrand Schmitt
_91067882
245 0 _aFood Dependency in the Middle East and North Africa Region
260 _bSpringer
260 _bSpringer
260 _c2018
856 _uhttps://link.springer.com/openurl?genre=book&isbn=978-94-024-1563-6
942 _cEBOOK
999 _c1633612
_d1633612